000 00733cab a2200253 4500
001 ABS46267
008 090401t1992 xxu||||| |||| 00| 0 eng d
035 _a(Sirsi) u57468
041 _aeng
100 _aCooper, P.
245 _aSurveying the East
260 _c1992
350 _a0
490 _aBuilding
_v257(7738) 27 March 1992, 20-21(2)
520 _aVisiting Gleeds offices in Warsaw and Prague, the author reports on the opportunities for quantity surveyors in eastern Europe.
650 _aCZECHOSLOVAKIA
650 _aGLEEDS
650 _aPOLAND
650 _aBUILT ENVIRONMENT-QUANTITY SURVEYING
690 _aOVERSEAS-EUROPE
690 _aQuantity surveying
_96263
942 _n0
948 _c04/03/1997
999 _c35047
_d35047